| 000 | 00909nam a2200265Ia 4500 | ||
|---|---|---|---|
| 003 | OSt | ||
| 005 | 20220923220515.0 | ||
| 006 | a|||||r|||| 00| 0 | ||
| 007 | ta | ||
| 008 | 220922b |||||||| |||| 00| 0 hin d | ||
| 024 | _a187,095 | ||
| 037 | _cTextual | ||
| 040 |
_aARTS _cARTS _bhin |
||
| 041 |
_2hin _ahin |
||
| 082 | _aX:8M4, 152K3 | ||
| 100 | _aसागर, रामचन्द्र सिंह | ||
| 245 | 0 | _aकार्यालय कार्य विधि | |
| 246 | _aKāryālaya kārya vidhi | ||
| 260 |
_aदिल्ली _b आत्माराम एण्ड संस _c1963 |
||
| 300 |
_a236 पृ. _ccm. |
||
| 650 | _a भारतीय अर्थव्यवस्था | ||
| 650 | _aअर्थशास्त्र | ||
| 942 |
_hX:8M4, 152K3 _cTEXL _2CC |
||
| 999 |
_c340304 _d340304 |
||